| 000 | 00540nam a22001817a 4500 | ||
|---|---|---|---|
| 005 | 20251108165955.0 | ||
| 008 | 250721s9999 xx 000 0 ara d | ||
| 082 | 1 | 4 | _aط/ق/باي |
| 245 | 1 | 0 | _aبائعة الحليب / |
| 264 | 1 |
_aبيروت : _bدار الشمال للطباعة و النشر و التوزيع، _c[19-]. |
|
| 300 | _a8ص | ||
| 490 | 0 | _aحكايات جدتي | |
| 650 | 1 | 7 | _aالقصص العربية |
| 650 | 1 | 7 | _aالأدب العربي |
| 650 | 1 | 7 | _aأدب الأطفال |
| 942 |
_2ddc _cBK |
||
| 999 |
_c36320 _d36320 |
||